[Event "Kottnauer Memorial"]
[Site "Prague"]
[Date "1996.??.??"]
[Round "9"]
[White "Blatny, Pavel"]
[Black "Zueger, Beat"]
[Result "0-1"]
[WhiteElo "2515"]
[BlackElo "2465"]
[Annotator "Blatny,P"]
[PlyCount "74"]
[EventDate "1996.06.??"]
[EventType "tourn"]
[EventRounds "10"]
[EventCountry "CSR"]
[EventCategory "12"]
[SourceTitle "CBM 054"]
[Source "ChessBase"]
[SourceDate "1996.10.01"]
[SourceVersion "1"]
[SourceVersionDate "1996.10.01"]
[SourceQuality "1"]

1. e4 {Tsesarsky} c5 2. c3 e6 3. d4 d5 4. exd5 exd5 5. Be3 cxd4 6. Bxd4 Nc6 (
6... Nh6 7. Nf3 Nf5 8. Bd3 Nc6 9. Bxf5 $5 Bxf5 10. O-O Be7 $5 11. Bxg7 Rg8 12.
Bd4 Qd6 13. Re1 Be4 14. Nbd2 O-O-O 15. g3 f5 $44 {Stripunsky,A-Hansen,SuB/
Copenhagen op (08) ;EXT 94op 1994}) (6... Be6 7. Nf3 Nf6 8. Bd3 Bd6 9. O-O O-O
10. Nbd2 Nc6 11. h3 h6 12. Re1 Nh5 13. Nb3 Nf4 14. Bc5 Bxc5 15. Nxc5 Qf6 16.
Bf1 Rad8 17. Nd4 Nxd4 18. Qxd4 Qxd4 19. cxd4 b6 20. Nd3 Nxd3 $10 {Janovsky,
S-Fish,G/Moscow3 ;EXP 47 1995}) 7. Bb5 (7. Be3 Nf6 8. Be2 Bd6 9. Nf3 h6 10. O-O
O-O 11. Qd3 Ng4 12. Bd4 Re8 13. Nbd2 g6 14. Rae1 Bf5 15. Qb5 Qc7 16. h3 Nh2 17.
Nxh2 Bxh2+ 18. Kh1 Nxd4 19. cxd4 Bf4 $15 {^^ Vajda,A-Dao Thien Hai/Budapest
FS02 GM (08) ;CBM 40 1994}) 7... Nge7 (7... a6 $5 8. Ba4 b5 (8... Bd7 9. Ne2
Nxd4 10. Qxd4 Bxa4 11. Qxa4+ Qd7 12. Qxd7+ Kxd7 13. O-O Nf6 14. Rd1 Kc7 15. Nf4
Rd8 16. Nd3 Bd6 17. Nd2 Rhe8 18. Nf3 $14 {Zulfugarli,M-Izhnin,A/Nikolaev zt 
(11) ;CBM 47 1995} (18. Nf3 Rd7 19. a4 Re4 20. a5 Rde7 21. Nd4 g6 22. b4 $14 {
Zulfugarli,M-Izhnin,A/Nikolaev-zt/1995/1:0/36/})) (8... Qg5 $6 9. Nf3 $1 Qxg2
10. Qe2+ Nge7 11. Rg1 Qh3 12. Bxg7 Rg8 {Rabiega,R-Afek,Y/Budapest FS09 GM (06)
;EXP 37 1993} 13. Bxf8 (13. Bxc6+ bxc6 14. Bxf8 Kxf8 15. Rxg8+ Kxg8 16. Nbd2
Bg4 17. O-O-O Ng6 18. Qe3 $13 {Rabiega,R-Afek,Y/Budapest/1993/0:1/73/}) 13...
Kxf8 $1 (13... Rxg1+ $4 14. Nxg1 $18) (13... Rxf8 14. Nbd2 Bg4 15. Rg3 Qh5 16.
O-O-O O-O-O 17. h3 $16) 14. Rxg8+ Nxg8 15. Nbd2 Bg4 16. O-O-O $14 Qxh2 $140 $6
17. Qe3 $40 {Kc1>Kf8}) 9. Bb3 Nxd4 10. Qxd4 Nf6 11. Ne2 Bb7 12. O-O Bd6 13. Ng3
O-O 14. Nf5 Bc7 15. Nd2 g6 16. Nh6+ Kg7 17. Ng4 Bb6 18. Qxf6+ Qxf6 19. Nxf6
Kxf6 20. Nf3 Rfe8 21. Rfe1 Re6 $10 {^^:Pd5 Lima,D-Mecking,H/Sao Paulo zt (02) ;
EXP 47 1995} (21... Re6 22. Rad1 $10)) (7... Bd7 8. Ne2 (8. Qe2+ $5) 8... Nxd4
9. Bxd7+ Qxd7 10. Nxd4 Bd6 11. O-O Ne7 12. Nd2 O-O 13. Re1 Rae8 $10 {Hargens,
T-Rahls,P/BL2-N 9293 (1993) ;BL2 1993} (13... Rae8 14. Qf3 Bb8 15. Nf1 Nc6 16.
Red1 Ne5 17. Qf5 Qd6 18. Qc2 g6 19. Qb3 Re7 20. Nb5 Qf6 21. Rxd5 Ng4 22. Rd2
Rfe8 23. h3 Re2 24. Rxe2 Rxe2 25. f3 Qh4)) (7... Be6 8. Ne2 (8. Nf3 $5) 8...
Qd7 9. O-O a6 10. Ba4 b5 11. Bb3 Nxd4 12. Qxd4 $6 (12. Nxd4 {/\a4-><<}) 12...
Nf6 13. Nf4 Rc8 $1 14. Nd3 Bd6 15. Nd2 O-O 16. Nf3 Bf5 17. Rad1 Be4 $1 $36 {
Sidorenko,A-Quinn,M/WchJM-U18 Szeged (05) ;TD 94\01 1994} (17... Be4 18. Nd2
Qc7 19. g3 Rfd8 20. Rfe1 h5 $15 {Sidorenko,A-Quinn,M/Szeged/1994/0,5/68/})) 8.
Qe2 Be6 (8... a6 9. Bxc6+ bxc6 10. Nd2 {/\Nb3 ><c5}) 9. Nf3 Nf5 (9... a6 $142)
10. g4 $5 (10. O-O Bd6 (10... Nfxd4 {Tsesarsky} 11. Nxd4) (10... a6 {Tsesarsky}
11. Bd3 $5) 11. Be5 O-O 12. Bxd6 Qxd6 13. Rd1 $14) 10... Nd6 (10... Nfxd4 $6
11. Nxd4 {-> <->e} (11. Nxd4 {Tsesarsky} Qd7 12. f4 $18)) 11. Bxc6+ (11. Ne5 {
Tsesarsky} Nxb5 12. Qxb5 Qc7 13. f4 Bd6 $15) (11. Ba4 {Tsesarsky} Qa5 12. Bxc6+
bxc6 13. Ng5 O-O-O (13... Qb5 14. Qxb5 Nxb5 15. Nxe6 fxe6 16. Be5 Bd6 $1 $10)
14. Nxe6 Re8 15. b4 Qa4 16. O-O Rxe6 $15) 11... bxc6 12. Ne5 $1 (12. O-O h5 13.
g5 Ne4 14. Qa6 Qc8 15. Qxc8+ Bxc8 16. Re1 c5 17. Be5 Bf5 18. Nbd2 Nxd2 19. Nxd2
Kd7 $10) 12... Qc7 (12... Qc8 {Tsesarsky}) 13. f4 (13. Qa6 {Tsesarsky} Rc8 14.
O-O Nb5 (14... c5 15. Qa4+ Kd8 16. Be3 $13) 15. Re1 Nxd4 16. cxd4 Bd6 17. h3 h5
$15) 13... Be7 (13... c5 14. f5 (14. Bf2 {Tsesarsky} Be7 15. f5 Bc8 16. Qd1 O-O
$32 $15 (16... Bb7)) 14... cxd4 15. fxe6 fxe6 16. O-O dxc3 17. Nxc3 Qb6+ 18.
Kh1 Be7 19. Rae1 $44 d4 $140 $6 20. Nd5 $3 exd5 21. Ng6 $1 Ne4 $8 22. Nxh8 d3
23. Qxd3 Rd8 (23... Nf2+ 24. Rxf2 Qxf2 25. Qb5+ $18) 24. Nf7 $18) 14. f5 Bc8
15. O-O (15. Nxc6 $4 Qxc6 16. f6 (16. Bxg7 $4 {Tsesarsky} Ba6 17. Qf3 Bh4+ 18.
Kd1 Rg8 $19) 16... gxf6 (16... O-O $2 17. fxe7 Re8 18. Nd2 Qc7 19. O-O Rxe7 20.
Qg2 $13) (16... Ne4 {Tsesarsky} 17. fxe7 Qh6 $1 (17... Rg8 $2 18. Nd2 Nxd2 19.
Qxd2 Qe6+ 20. Qe3 Qxe3+ (20... Kxe7) 21. Bxe3 Kxe7 $14) 18. Qb5+ (18. Kd1 Ng3
19. Qb5+ Bd7 20. Qxd5 Bxg4+ 21. Kc2 Bf5+ 22. Kd1 Qh5+ 23. Kc1 Qg5+ 24. Be3
Qxe3+ 25. Nd2 Rc8 (25... Ne2+ 26. Kd1 Rb8 27. Qxf5 Rxb2 28. Qc8+ Kxe7 29. Qc7+
$10) 26. hxg3 Rxc3+ 27. bxc3 Qxc3+ 28. Kd1 Bg4+ 29. Ke1 Qxa1+ 30. Kf2 Qf6+ 31.
Kg1 Qxe7 32. Qb5+ Bd7 33. Qb8+ Qd8 34. Qe5+ Kf8 35. Qc5+ Kg8 36. Qxa7 Bc6 $19)
18... Bd7 19. Qxd5 Bc6 20. Qb3 Qh4+ 21. Kf1 Ng3+ 22. hxg3 Qxh1+ $19) 17. Bxf6
Ne4 $1 18. Bxh8 Bh4+ 19. Kd1 Bxg4 $1 $19) 15... f6 (15... c5 $5 16. Bf2 O-O 17.
Bg3 $13) 16. Nd3 Ba6 (16... h5 $5) 17. Re1 Rb8 (17... h5 $1 {Tsesarsky} 18. Bc5
(18. h3 hxg4 19. hxg4 Nxf5 20. gxf5 Qg3+ $17 21. Qg2 Qxg2+ 22. Kxg2 Bxd3 23.
Bc5 $4 Be4+ $19) (18. g5 Bxd3 (18... Nxf5 19. gxf6 gxf6 20. Bxf6 Rg8+ 21. Kh1
Bxd3 22. Qxd3 Qf4 23. Qe2 Qg4 24. Qxg4 hxg4 25. Re5 Rf8 26. Bxe7 Nxe7 27. Nd2
Kd7 $10) 19. Qxd3 fxg5 20. f6 gxf6 21. Bxf6 Qb6+ 22. Kh1 Ne4 23. Rxe4 dxe4 24.
Qxe4 O-O-O $1 25. Qe6+ Kb8 26. Be5+ Ka8 27. Nd2 Rhe8 28. Nc4 Qb5 29. Re1 Qd5+
30. Qxd5 cxd5 $19) 18... Ne4 19. Bxe7 hxg4 $1 (19... Qxe7 20. Nd2 O-O-O $17)
20. Bc5 Bxd3 21. Qxd3 Qxh2+ 22. Kf1 Qf4+ 23. Kg1 Kd8 $19) 18. b4 $2 (18. Nd2 $1
Bxd3 (18... Rxb2 $4 19. Qxe7+ $18) 19. Qxd3 Rxb2 20. c4 $1 dxc4 (20... Nxc4 21.
Bxb2 Nxb2 22. Qa3 Nc4 23. Nxc4 dxc4 24. Rab1 Kf7 25. Qa6 $18) (20... Rb7 21.
cxd5 cxd5 22. Rac1 Qd7 23. Nb3 $40 (23. Bc5 Nc8 24. Nb3 Rc7 25. Rcd1 $10)) 21.
Nxc4 $1 Nxc4 22. Bxb2 Nxb2 23. Qe4 $1 Qd7 (23... Kf7 24. Qe6+ Kf8 25. Rab1 Nd3
26. Rb8+ Qxb8 27. Qxe7+ Kg8 28. Qe8+ Qxe8 29. Rxe8+ Kf7 30. Rxh8 $18 {_|_}) 24.
Rab1 O-O 25. Rxb2 Bc5+ 26. Kh1 $18 {_|_}) 18... Ne4 19. Nd2 c5 $1 20. Be3 $5 (
20. bxc5 Rb2 21. Rad1 (21. Nxe4 $4 {Tsesarsky} Rxe2 22. Nd6+ Kf8 23. Rxe2 Bxd3
$19) 21... Rxa2 22. Qe3 h5 $1 $17) (20. Bxc5 {Tsesarsky} Bxc5+ 21. bxc5 Rb2 $44
) 20... cxb4 $1 (20... Nxc3 21. Qf3 (21. Qf2 Bxd3 22. Bf4 Qb7 23. Bxb8 Qxb4 24.
Bf4 (24. Rxe7+) (24. Bg3 Ne4 (24... Ne2+ $2 {Tsesarsky} 25. Rxe2 Bxe2 26. Qxe2
Qd4+ 27. Kg2 Qxa1 28. Bd6 O-O 29. Qxe7 Ra8 30. Qe6+ Kh8 31. Qxd5 Rd8 $14) (
24... h5 {Tsesarsky} 25. a3 (25. Qe3 c4 $17) 25... Qb5 26. Qe3 Ne4 27. Nxe4
Bxe4 28. Rad1 Qb7 29. Qe2 hxg4 30. Qxg4 c4 $15) 25. Nxe4 Bxe4 $17)) 21... Bxd3
22. Bf4 Ne2+ 23. Qxe2 Bxe2 24. Bxc7 Rb7 25. Rxe2 Rxc7 26. bxc5 {/\Nb3-/+ _|_})
21. c4 (21. cxb4 {Tsesarsky} Nc3 22. Qf1 Rxb4 $19) (21. Bf4 {Tsesarsky} Qxf4
22. Nxf4 Bxe2 23. Nxe4 dxe4 24. Rxe2 bxc3 25. Rxe4 Kf7 $17) 21... Bxc4 22. Nxc4
Qxc4 (22... dxc4 $2 23. Bf4 $132 Nd6 $140 $4 (23... cxd3 {Tsesarsky} 24. Bxc7
dxe2 25. Bxb8 Bc5+ 26. Kg2 Nc3 $17) 24. Qxe7+ Qxe7 25. Bxd6 $18 (25. Bxd6 Qxe1+
26. Rxe1+ Kd7 27. Bxb8 $18)) (22... Nc3 23. Qf3 Qxc4 24. Bxa7 $15) 23. Bxa7 (
23. Rac1 {Tsesarsky} Nc3 $17) 23... Rb7 24. Bf2 O-O $17 (24... h5 $6 {Tsesarsky
} 25. Rac1 Nc3 26. Qe6 Rc7 (26... Qxg4+ 27. Bg3 Rd7 28. Nc5 $10) 27. Bb6 Qxg4+
(27... hxg4 $2 28. Bxc7 (28. Qd6 Rd7 29. Qb8+ Kf7 30. Qxh8 Qxd3 31. Qh5+ Kf8
32. Qxg4 $14) 28... Qxc7 29. Nf4 $16) 28. Kh1 Qf3+ 29. Kg1 Rd7 30. Nc5 Qg4+ 31.
Kh1 $10) 25. Rac1 $6 Nc3 26. Qf3 (26. Qe6+ {Tsesarsky} Kh8 27. Re3 Qxg4+ $19)
26... Ra8 $5 (26... Qxa2 $142 $1 27. Rxe7 $8 Rxe7 28. Nxb4 Ne2+ 29. Kh1 Qd2 $1
30. Qxd5+ Qxd5+ 31. Nxd5 Nxc1 32. Nxe7+ Kf7 $19 {_|_}) 27. g5 $5 (27. a4 $5 {
Tsesarsky} Qb3 (27... bxa3 $2 28. Rxc3 Qxc3 29. Qxd5+ $16) 28. Nf4 Rxa4 $17 29.
Bd4 (29. Nxd5 Qxd5 30. Rxc3 Qxf3 31. Rxf3 b3 $19) 29... Qc4 (29... Ra2 $2 30.
Bxc3 bxc3 31. Rxc3 $10) 30. Bxc3 bxc3 (30... Bc5+ 31. Kh1 bxc3 32. Rxc3 Qxf4
33. Qxd5+ Rf7 34. Re8+ Bf8 35. Rxf8+ Kxf8 36. Qd8#) 31. Rxc3 Qd4+ 32. Kh1 Rb8
33. Nxd5 (33. Rxe7 Qxf4 34. Qxf4 Rxf4 35. h3 Rf2 36. Rc1 Rd2 $17) (33. Qxd5+
Qxd5+ 34. Nxd5 Bd6 35. Rc6 Bf8 36. h3 $15) 33... Bf8 34. h3 Ra2 $15) 27... fxg5
28. Ne5 Qb5 $138 (28... Qxa2 $19) (28... Qxa2 $19 {Tsesarsky}) 29. Bd4 Bc5 30.
Bxc5 (30. Qe3 {Tsesarsky} Bxd4 31. Qxd4 Qb6 $19) 30... Qxc5+ 31. Kh1 Rxa2 $2 (
31... Qd6 $142 $1 $19 {><f6}) 32. f6 $1 $138 (32. Nd3 {Tsesarsky} Qd4 33. Nxb4
g4 (33... Rxb4 34. Qh5 (34. Rxc3 Rxh2+ 35. Kxh2 Qh4+ 36. Kg2 Rg4+ 37. Kf1 Rf4
$19) 34... g6 $2 (34... Rxh2+ 35. Qxh2 Qh4 36. Qxh4 (36. Rxc3 $2 Qxe1+) 36...
Rxh4+ 37. Kg2 d4 $19) 35. fxg6 h6 36. Qxh6 $18) 34. Qxc3 Qxc3 35. Rxc3 Rxb4 36.
Rc7 Kf8 $17) 32... gxf6 (32... Rf2 33. Qg4 Rxf6 34. Nd7 Rxd7 35. Qxd7 Qf2 $19)
33. Ng4 $1 $40 Qd6 $4 $138 (33... Rf7 34. Re8+ $1 Kg7 (34... Rf8 $2 35. Qxf6 $3
$18) 35. Qh3 $1 Re7 $8 36. Qh6+ Kf7 37. Qf8+ Ke6 38. Rc8 (38. Qxf6+ Kd7 39.
Ne5+ Rxe5 (39... Kxe8 40. Qh8#) 40. Qxe5 (40. Rxe5 $2 Rf2 $1 41. Qg7+ Kc6 42.
Re6+ Kb5 43. Qd7+ (43. Qb7+ $2 Ka4 44. Ra6+ Kb3 45. Rxc3+ $8 (45. Rc6 $2 Rxh2+
46. Kxh2 Qf2+ 47. Kh1 Qf3+ 48. Kh2 Qf4+ 49. Kg2 Qd2+ 50. Kh3 Qxc1 $19)) 43...
Ka5 44. Ra1+ Ra2 (44... Na2 $2 45. Qd8+ Ka4 46. Qa8+ Kb3 47. Rb1+ Rb2 48. Rxb2+
Kxb2 49. Re2+ $18) 45. Qd8+ Ka4 46. Ra6+ Kb3 47. R6xa2 Nxa2 48. Qxg5 Nc3 $17)
40... Re2 $8 41. Qxe2 Nxe2 42. Rxc5 Kxe8 43. Rxd5 Nc3 44. Rxg5 $16 {_|_}) 38...
Qd4 (38... Qb5) 39. Rc6+ Kf5 40. Qxe7 (40. Nh6+ $2 Kg6 41. Qxe7 Rxh2+ 42. Kxh2
Qf2+ $10) 40... Qe4+ (40... Kxg4 41. Rg1+ Qxg1+ $8 42. Kxg1 Ra1+ 43. Kf2 Ra2+
44. Ke1 Re2+ 45. Qxe2+ Nxe2 46. Kxe2 $18 {_|_}) 41. Qxe4+ Nxe4 42. Nxf6 $1 Nxf6
43. Rf1+ Ke4 44. Rcxf6 $18 {_|_}) (33... Ra6 $142 34. Nxf6+ Kg7 35. Nh5+ Kg6 $1
(35... Kh6 36. Nf6 Kg7 37. Nh5+ Kg6 38. Qd3+ Kxh5 39. Qxa6 Qb5 (39... Re7 $6
40. Qf6 Rxe1+ 41. Rxe1 Ne4 42. Qf7+ $10) 40. Qf6 Ne4 41. Qf3+ Kg6 42. Rf1 Qd7
$17) 36. Qd3+ Kxh5 37. Qxa6 Qb5 $1 38. Qf6 Ne4 39. Qf3+ Kg6 40. Rc8 $13) 34.
Qf5 $4 $138 (34. Nxf6+ Kh8 (34... Kf8 35. Re8+ Kf7 36. Ne4+ Qf4 37. Nxg5+ $18)
(34... Kf7 35. Ne4+ Qf4 36. Nxg5+ $18) 35. Re8+ Kg7 36. Rg8+ Kf7 (36... Kh6 37.
Qh5#) 37. Ne4+ Qf4 (37... Kxg8 38. Nxd6 $18) 38. Nxg5+ $18) 34... Kg7 $19 35.
Qc8 (35. Re3 Qf4) 35... Qd7 36. Qc5 Qxg4 37. Rg1 Qf3+ 0-1

[Event "Brno"]
[Site "Brno"]
[Date "1992.??.??"]
[Round "5"]
[White "Blatny, Pavel"]
[Black "Kortschnoj, Viktor Lvovich"]
[Result "1-0"]
[WhiteElo "2515"]
[BlackElo "2575"]
[Annotator "Blatny,P"]
[PlyCount "105"]
[EventDate "1992.08.??"]
[EventType "tourn"]
[EventRounds "9"]
[EventCountry "CZE"]
[EventCategory "11"]
[SourceTitle "CBM 031"]
[Source "ChessBase"]
[SourceDate "1992.12.01"]
[SourceVersion "1"]
[SourceVersionDate "1992.12.01"]
[SourceQuality "1"]

1. e4 c5 2. c3 e6 3. d4 d5 4. exd5 exd5 5. Be3 $5 c4 (5... Qb6 6. dxc5 Qxb2 7.
Qb3 $1 Qxb3 (7... Qxa1 $2 8. Bb5+ {/\ Ne2,0-0,Na3 +-.}) 8. axb3 Ne7 9. Na3 Bd7
10. Nb5 $16 {Van Mil-Cifuentes, Dieren 1989}) 6. b3 cxb3 7. axb3 Bd6 8. Bd3 Nc6
(8... Nf6 9. Nd2 O-O 10. h3 $1 Re8 11. Qf3 Qe7 12. Ne2 Ne4 13. O-O Nd7 14. Nf4
Bxf4 15. Qxf4 Nxc3 16. Rfc1 Ne4 17. Bxe4 $1 dxe4 18. Nc4 $16 {1/2 : 1/2
Motwani-Kortschnoj, Manila ol 1992}) 9. Nd2 $5 (9. Nf3 Nge7 10. O-O Bf5 11. c4
Bb4 $13 {Rozentalis-Neverov, Uzhorod 1987}) 9... Be6 10. Qf3 $5 Nge7 11. Bf4
$10 (11. Ne2 Ng6 {/\Nh4, ףf3}) 11... Bxf4 12. Qxf4 Ng6 13. Qg3 O-O 14. h4 $1 (
14. Ne2 Nce7 $1 {/\ Nf5|^}) 14... Qf6 (14... Nce7 $2 15. h5 Nh8 16. h6 $1 $40
g6 $4 17. Qe5 $18) 15. Ne2 Bf5 16. Bxf5 Qxf5 17. h5 (17. Qf3 $142 Qxf3 (17...
Qc2 18. Rc1 (18. h5 Nge7 19. Rc1 $14) 18... Qb2 19. h5 Nge7 (19... Rae8 $2 20.
Rb1 $18) 20. Qd3 $14) 18. Nxf3 Rfe8 19. Kd2 {/\h5+/= [+]}) 17... Nge7 18. Qf3
Rfe8 (18... Qxf3 19. Nxf3 Nf5 20. Nf4 Rfe8+ 21. Kd2 Rad8 22. Rhe1 $14 {(),><d5}
) 19. O-O Qg5 20. Nf4 a5 $5 (20... Rad8 21. b4) (20... Nf5 $6 21. Nxd5 $1 Nh4
22. Qg3 $16) 21. Rfd1 Rad8 22. Nf1 Nf5 23. Rd3 $1 (23. Nh3 Qf6 24. g4 $2 Nfxd4
$1 25. Qxf6 Ne2+ $19 {_|_}) 23... Nh4 24. Qg3 Qxg3 25. fxg3 $1 Nf5 26. g4 Re4
$1 (26... Nfe7 27. Re1 Kf8 28. Rde3 $14 {<->e,><d5}) (26... Nh6 $6 27. Ne3 $16
{פh6,><d5}) 27. gxf5 (27. Nxd5 $2 Nfxd4 $1) (27. Rf3 Nfxd4 $1 28. cxd4 Nxd4
29. Kf2 $1 (29. Rf2 Rxf4 $19) 29... Nxf3 30. Kxf3 Rb4 31. Nd2 $13) 27... Rxf4
28. Ne3 f6 $2 $138 (28... g6 29. g3 Re4 30. Kg2 $1 Rd6 31. hxg6 hxg6 32. fxg6
fxg6 $10) (28... b5 $5 29. g3 Re4 30. Kf2 b4 $1 {><d4} 31. cxb4 Nxb4 32. Rd2
Rde8 33. Ng2 Nc6 34. Ra4 $1 Rb8 35. Rd3 $10 {><b3,d4;><a5,d5}) 29. g3 Re4 30.
Kf2 Kf7 31. Kf3 {/\ 32.Nxd5} Ree8 32. Ng2 $1 $16 {><e6} b6 (32... g5 33. hxg6+
hxg6 34. fxg6+ Kxg6 35. Nf4+ {/\Rh1-h5->; ><d5}) (32... b5 $5) 33. Nf4 Rd7 34.
g4 h6 $2 $138 {><g6,><g7} 35. Re3 $1 Rxe3+ 36. Kxe3 b5 (36... Ke7 $142 37. Kd3
Kd6 38. Re1 Nd8 39. c4 dxc4+ 40. bxc4 {/\d5,Ne6,Rb1,Kd4+- _|_}) 37. Ne6 Ra7 38.
Kd3 a4 39. bxa4 bxa4 40. Ra3 $1 Nb8 $8 41. c4 $5 dxc4+ 42. Kxc4 Nd7 43. Kb5 Ke7
44. Rxa4 Rb7+ (44... Rxa4 45. Kxa4 $18 {_|_}) 45. Kc6 Rb6+ 46. Kc7 (46. Kd5 $4
Rxe6) 46... Rb1 47. Ra6 $18 Rc1+ 48. Rc6 Rg1 49. Kc8 $6 {>=49.d5;49.Jf4.} Rb1
50. Kc7 Rb4 51. d5 Rxg4 (51... Nb8 52. d6+ Ke8 53. Nxg7+ (53. Rb6 $2 Rxb6 54.
Kxb6 Kd7 $1) 53... Kf7 54. Rb6 $1 $18) 52. d6+ Ke8 53. Kc8 {53...Ne5 54.Rc7}
1-0

[Event "Beersheba"]
[Site "Beersheba"]
[Date "1996.??.??"]
[Round "10"]
[White "Tseitlin, Mark D"]
[Black "Vydeslaver, Alik"]
[Result "1-0"]
[WhiteElo "2545"]
[BlackElo "2480"]
[Annotator "Blatny,P"]
[PlyCount "47"]
[EventDate "1996.03.??"]
[EventType "tourn"]
[EventRounds "11"]
[EventCountry "ISR"]
[EventCategory "10"]
[SourceTitle "CBM 053"]
[Source "ChessBase"]
[SourceDate "1996.08.01"]
[SourceVersion "1"]
[SourceVersionDate "1996.08.01"]
[SourceQuality "1"]

1. e4 c5 2. c3 d5 3. exd5 Qxd5 4. d4 Nc6 5. Nf3 cxd4 6. cxd4 e5 7. Nc3 Bb4 8.
Bd2 Bxc3 9. Bxc3 e4 10. Nd2 $1 (10. Ne5) 10... Nf6 11. Bc4 (11. Nc4 $5 Be6 (
11... O-O 12. Ne3 {/\d5|^}) 12. Ne3 Qd7 13. d5 (13. Qa4 {/\Rd1+/=}) 13... Nxd5
14. Nxd5 Qxd5 15. Qxd5 Bxd5 16. Bxg7 Rg8 17. Bc3 $13 {Antonsen,M-Molvig,H/
Copenhagen (04)/1995/}) (11. Qb3 Qg5 (11... Qxb3 $142) 12. d5 Ne5 $2 13. Qa4+
Bd7 14. Nxe4 $16 {Vega Holm,F-Medina,J/Ceuta-B (08)/1993/}) 11... Qg5 (11...
Qf5 $5 12. Nf1 O-O 13. Ne3 $14) 12. d5 $1 (12. Qe2 $6 Qxg2 13. O-O-O $2 Bg4 14.
Qf1 Qxf1 15. Rdxf1 O-O-O 16. d5 Nxd5 17. Bxg7 Rhg8 18. Bh6 Rg6 19. Be3 f5 $19 {
_|_ Kalikova,J-Svobodova,M/CZE-chW Olomouc/1995/}) 12... e3 $146 (12... Qxg2
13. Rf1 Bg4 14. Qb3 e3 $6 (14... Nd8 $142 15. Bxf6 gxf6 16. Bb5+ Kf8 17. Qb4+
Kg7 18. Qxe4 Qxe4+ 19. Nxe4 $16) 15. fxe3 Nxd5 16. Qxb7 $2 (16. Bxg7 $1 $18)
16... O-O 17. Qxc6 Rad8 $40 {עe1 Blauert,J-Fuglsang,F/Lyngby op (03)/1990/})
13. O-O $1 Nxd5 $6 (13... exf2+ $2 14. Rxf2 Ne7 (14... Nxd5 15. Ne4 $18) 15.
Bxf6 gxf6 16. Ne4 $18) (13... exd2 $142 14. dxc6 bxc6 (14... O-O $5 15. Bxd2
$16) 15. Qe2+ $1 (15. Bxd2 Qf5 16. Re1+ Be6) 15... Kf8 16. Bb4+ (16. Bxd2 Qc5
17. Be3 Qe7) 16... c5 (16... Kg8 17. Qe7 $18) 17. f4 Qf5 18. Qxd2 $1 $16) (
13... Ne7 $5) 14. Ne4 Nxc3 $8 15. Bxf7+ $1 Kf8 $8 16. bxc3 $18 e2 (16... Qe5
$142 17. fxe3 Ke7 18. Bd5 $1 Be6 (18... Rd8 19. Rf7+ Ke8 20. Bxc6+ bxc6 21.
Rf8+ Kxf8 22. Qxd8+ Kf7 23. Nd6+ Kg6 24. Nxc8 Qxe3+ 25. Kh1 $18) 19. Bxc6 (19.
Bxe6 Qxe6 20. Qa4 $40) 19... bxc6 20. Qd4 Qxd4 21. exd4 $18 {_|_}) 17. Qxe2 Qe7
18. Bd5 Be6 $2 (18... g6 $142 {/\Kg7}) 19. Qf3+ Bf7 (19... Kg8 20. Ng5 $1 Bxd5
21. Qxd5+ Kf8 22. Ne6+ $18) 20. Rae1 Ne5 $8 21. Qf5 g6 22. Qf4 Kg7 (22... Rd8
23. c4 Kg7 24. Ng5 Bxd5 25. Rxe5 Qf6 26. Rxd5 $1 $18) 23. Ng5 Bxd5 24. Rxe5 (
24. Rxe5 Qd8 (24... Qd6 25. Qd4 $18) (24... Qc7 25. Qd4 $18 (25. Rxd5 $18)) 25.
Rd1 (25. Qd4 Bf7 26. Rd5+ Qf6 27. Rd7 $18) 25... Rf8 26. Qh4 Re8 27. Rxe8 Qxe8
28. Qd4+ $18) 1-0